Teoría del derecho (Record no. 34571)
[ view plain ]
| 000 -LEADER | |
|---|---|
| fixed length control field | 00547nam a22001937a 4500 |
| 005 - DATE AND TIME OF LATEST TRANSACTION | |
| control field | 20200124100347.0 |
| 008 - FIXED-LENGTH DATA ELEMENTS--GENERAL INFORMATION | |
| fixed length control field | 121106t mx||||| |||| 00| 0 spa d |
| 020 ## - INTERNATIONAL STANDARD BOOK NUMBER | |
| International Standard Book Number | 9682461022 |
| 050 04 - LIBRARY OF CONGRESS CALL NUMBER | |
| Classification number | K230.C5 |
| Item number | C57 2001 |
| 050 04 - LIBRARY OF CONGRESS CALL NUMBER | |
| Classification number | K355 |
| Item number | C57 2000 |
| 100 1# - MAIN ENTRY--PERSONAL NAME | |
| Personal name | Cisneros Farías, Germán |
| 245 10 - TITLE STATEMENT | |
| Title | Teoría del derecho |
| Statement of responsibility, etc | Germán Cisneros Farías. |
| 250 ## - EDITION STATEMENT | |
| Edition statement | 2a ed. |
| 260 ## - PUBLICATION, DISTRIBUTION, ETC. (IMPRINT) | |
| Place of publication, distribution, etc | México : |
| Name of publisher, distributor, etc | Trillas, |
| Date of publication, distribution, etc | 2001 |
| 300 ## - PHYSICAL DESCRIPTION | |
| Extent | 167 p. ; |
| Dimensions | 23 cm. |
| 504 ## - BIBLIOGRAPHY, ETC. NOTE | |
| Bibliography, etc | Incluye índices |
| 650 #7 - SUBJECT ADDED ENTRY--TOPICAL TERM | |
| Source of heading or term | lemb |
| Topical term or geographic name as entry element | Teoría del derecho |
| 650 #7 - SUBJECT ADDED ENTRY--TOPICAL TERM | |
| Source of heading or term | Lemb |
| Topical term or geographic name as entry element | Filosofía del derecho |
| 942 ## - ADDED ENTRY ELEMENTS (KOHA) | |
| Source of classification or shelving scheme | Biblioteca del Cogreso de los Estados Unidos |
| Koha item type | Libro |
| Estado de pérdida | Fuente de clasificación | Estado del daño | No para préstamo | Ubicación permanente | Ubicación actual | Apartado o colección | Fecha de adquisición | Fuente de adquisición | Área del conocimiento | Clasificación | Código de Barras | Date last seen | Número de copia | Tipo de recurso | Dependencia de educación superior (DES) | Edición | Total Checkouts | Date checked out | Costo por reposición | Nota pública |
|---|---|---|---|---|---|---|---|---|---|---|---|---|---|---|---|---|---|---|---|---|
| Biblioteca del Cogreso de los Estados Unidos | Biblioteca Campus Lázaro Cardenas | Biblioteca Campus Lázaro Cardenas | General | 06/11/2012 | K230.C5 C57 2001 | BCLC000001056 | 16/01/2015 | 1 | Libro | |||||||||||
| Biblioteca del Cogreso de los Estados Unidos | Biblioteca Campus Lázaro Cardenas | Biblioteca Campus Lázaro Cardenas | General | 06/11/2012 | K230.C5 C57 2001 | BCLC000001057 | 16/01/2015 | 2 | Libro | |||||||||||
| Biblioteca del Cogreso de los Estados Unidos | Biblioteca Campus Lázaro Cardenas | Biblioteca Campus Lázaro Cardenas | General | 06/11/2012 | K230.C5 C57 2001 | BCLC000001058 | 16/01/2015 | 3 | Libro | |||||||||||
| Biblioteca del Cogreso de los Estados Unidos | Biblioteca de la Facultad de Derecho y Ciencias Sociales "Felipe J. Tena" | Biblioteca de la Facultad de Derecho y Ciencias Sociales "Felipe J. Tena" | General | 14/01/2016 | Ciencias Sociales y Administrativas | K355 C57 r2001 | BFD000007169 | 23/03/2026 | 1 | Libro | Derecho | 2a ed. | 2 | 23/03/2026 | 1.00 | Primera reimpresión | ||||
| Biblioteca del Cogreso de los Estados Unidos | Biblioteca de la Facultad de Derecho y Ciencias Sociales "Felipe J. Tena" | Biblioteca de la Facultad de Derecho y Ciencias Sociales "Felipe J. Tena" | General | 14/01/2016 | Ciencias Sociales y Administrativas | K355 C57 r2001 | BFD000007170 | 14/01/2016 | 2 | Libro | Derecho | 2a ed. | 1.00 | Primera reimpresión | ||||||
| Biblioteca del Cogreso de los Estados Unidos | Biblioteca de la Facultad de Derecho y Ciencias Sociales "Felipe J. Tena" | Biblioteca de la Facultad de Derecho y Ciencias Sociales "Felipe J. Tena" | General | 14/01/2016 | Ciencias Sociales y Administrativas | K355 C57 r2001 | BFD000007171 | 14/01/2016 | 3 | Libro | Derecho | 2a ed. | 1.00 | Primera reimpresión | ||||||
| Biblioteca del Cogreso de los Estados Unidos | Biblioteca de la Facultad de Derecho-Anexo Revillagigedo | Biblioteca de la Facultad de Derecho-Anexo Revillagigedo | General | 05/09/2014 | K230.C5 C57 r2001 | FDAR000000309 | 16/01/2015 | 1 | Libro |